ბათუმის შოთა რუსთაველის სახელმწიფო უნივერსიტეტის ბიბლიოთეკა

Сельское хозяйство / (ბიბ.ჩანაწერი № 61091)

000 -LEADER
fixed length control field 00554nam a22001697a 4500
005 - DATE AND TIME OF LATEST TRANSACTION
control field 20231219103908.0
008 - FIXED-LENGTH DATA ELEMENTS--GENERAL INFORMATION
fixed length control field 231219s1963 ru ||||| |||| 00| 0 rus d
041 ## - LANGUAGE CODE
Language code of text/sound track or separate title rus
080 ## - UNIVERSAL DECIMAL CLASSIFICATION NUMBER
Universal Decimal Classification number 631.1 B-18
100 ## - MAIN ENTRY--PERSONAL NAME
Personal name Варрон
9 (RLIN) 20776
245 ## - TITLE STATEMENT
Title Сельское хозяйство /
Statement of responsibility, etc. Варрон.
264 ## - PRODUCTION, PUBLICATION, DISTRIBUTION, MANUFACTURE, AND COPYRIGHT NOTICE
Place of production, publication, distribution, manufacture М.-Л.:
Name of producer, publisher, distributor, manufacturer Издательство Академии Наук СССР,
Date of production, publication, distribution, manufacture, or copyright notice 1963.
300 ## - PHYSICAL DESCRIPTION
Extent 220 с. :
Other physical details ил.;
Dimensions 22 см.
653 ## - INDEX TERM--UNCONTROLLED
keyword სოფლის მეურნეობა
653 ## - INDEX TERM--UNCONTROLLED
keyword ისტორია
942 ## - ADDED ENTRY ELEMENTS (KOHA)
Source of classification or shelving scheme
Koha item type წიგნი
ეგზემპლარები
Withdrawn status Lost status Source of classification or shelving scheme Damaged status Not for loan Permanent Location Current Location Shelving location Date acquired Cost, normal purchase price Full call number Barcode Date last seen Copy number Uniform Resource Identifier Price effective from Koha item type Public note
          ბათუმის შოთა რუსთაველის სახელმწიფო უნივერსიტეტის მთავარი ბიბლიოთეკა ბათუმის შოთა რუსთაველის სახელმწიფო უნივერსიტეტის მთავარი ბიბლიოთეკა წიგნსაცავი 2023-12-19 6.00 631.1 B-18 65602 2023-12-19 65602 ბსუ-ს საპატიო დოქტორის გურამ ლორთქიფანიძის საჩუქარი 2023-12-19 წიგნი 6 ლ.